Statistics for 1990s One Hit Wonders Quiz

Click here to take the quiz!

General Stats

  • This quiz has been taken 32,213 times
    (21,263 since last reset)
  • The average score is 9 of 18

Answer Stats

Year Song Musical Act % Correct
1990Ice Ice BabyVanilla Ice
93%
1992Achy Breaky HeartBilly Ray Cyrus
75%
1997MMMBopHanson
74%
1990Nothing Compares 2 USinead O'Connor
67%
1991I'm Too SexyRight Said Fred
61%
1998Bitter Sweet SymphonyThe Verve
59%
1992Baby Got BackSir Mix-a-Lot
56%
1997TubthumpingChumbawamba
54%
1995I'm Gonna Be (500 Miles)The Proclaimers
49%
1999Mambo No. 5Lou Bega
47%
1992Jump AroundHouse of Pain
39%
1993What is LoveHaddaway
35%
1996LovefoolThe Cardigans
33%
1990Gonna Make You Sweat
(Everybody Dance Now)
C+C Music Factory
30%
1995MacarenaLos Del Rio
30%
1994I'll Be There for YouThe Rembrandts
30%
1998Closing TimeSemisonic
29%
1991I Touch MyselfDivinyls
24%

Score Distribution

Percentile by Number Answered

Percent of People with Each Score

Your Score History

You have not taken this quiz since the last reset